Widok standardowy
Widok MARC
Pozycja Topical Term
Liczba rekordów, w których użyto hasła: 1
001 - Numer kontrolny
- control field: 39502
003 - Identyfikator numeru kontrolnego
- control field: NUKAT
005 - Data i czas ostatniej modyfikacji
- control field: 20260407113741.0
008 - Dane kontrolne kodowane (40 znaków)
- fixed length control field: 070914 ||a|znnbabn |a ana |c
010 ## - Numer kontrolny Biblioteki Kongresu
- numer kontrolny LC: s 2007276291
040 ## - Instytucja sporządzająca rekord
- inst. przygot. dane do rek. khw: WA U/AB
- język haseł przedmiotowych/tezaurus: kaba
- inst. wprow. rek. khw: WA U/AB
- inst. modyf. rek. khw: WA U/AS
083 #4 - DEWEY DECIMAL CLASSIFICATION NUMBER
- pojed. symbol lub pocz. z zakr. symboli: 900
- określenie wyjaśniające: Historia
150 ## - Hasło - nazwa pospolita
- nazwa posp. lub nazwa geogr. na pocz.: Lata dwudzieste (dwudziesty wiek).
450 ## - Trop zob. - nazwa pospolita
- nazwa posp. lub nazwa geogr. na pocz.: Années 1920 [f]
450 ## - Trop zob. - nazwa pospolita
- nazwa posp. lub nazwa geogr. na pocz.: Nineteen twenties [c]
450 ## - Trop zob. - nazwa pospolita
- nazwa posp. lub nazwa geogr. na pocz.: 1920-1929 (dziesięciolecie).
450 ## - Trop zob. - nazwa pospolita
- nazwa posp. lub nazwa geogr. na pocz.: Dziesięciolecie 1920-1929.
450 ## - Trop zob. - nazwa pospolita
- nazwa posp. lub nazwa geogr. na pocz.: Lata 20-te (dwudziesty wiek).
450 ## - Trop zob. - nazwa pospolita
- nazwa posp. lub nazwa geogr. na pocz.: Dekada 1920-1929.
550 ## - Trop zob. też - nazwa pospolita
- podpole kontrolne: g
- nazwa posp. lub nazwa geogr. na pocz.: Dwudziesty wiek.
670 ## - Źródło informacji
- źródło informacji: RAMEAU